Freedom and organisation (Record no. 74342)

MARC details
000 -LEADER
fixed length control field 00724cam a22002531 4500
001 - CONTROL NUMBER
control field sa 67004259
003 - CONTROL NUMBER IDENTIFIER
control field DLC
005 - DATE AND TIME OF LATEST TRANSACTION
control field 20260227112345.0
008 - FIXED-LENGTH DATA ELEMENTS--GENERAL INFORMATION
fixed length control field 780930s1967 ii b 000 0 eng
010 ## - LIBRARY OF CONGRESS CONTROL NUMBER
LC control number sa 67004259
025 ## - OVERSEAS ACQUISITION NUMBER
Overseas acquisition number PL480:I-E-7491
035 ## - SYSTEM CONTROL NUMBER
System control number (OCoLC)4259169
040 ## - CATALOGING SOURCE
Original cataloging agency DLC
Transcribing agency MH
Modifying agency DLC
042 ## - AUTHENTICATION CODE
Authentication code premarc
050 00 - LIBRARY OF CONGRESS CALL NUMBER
Classification number DS480.84
Item number .B277
082 ## - DEWEY DECIMAL CLASSIFICATION NUMBER
Classification number 309.1/54
100 1# - MAIN ENTRY--PERSONAL NAME
Personal name Barve, Sadashiv Govind,
Dates associated with a name 1914-1967.
245 10 - TITLE STATEMENT
Title Freedom and organisation
Statement of responsibility, etc. [by] S. G. Barve.
260 ## - PUBLICATION, DISTRIBUTION, ETC.
Place of publication, distribution, etc. Bombay,
Name of publisher, distributor, etc. Popular Prakashan
Date of publication, distribution, etc. [1967]
300 ## - PHYSICAL DESCRIPTION
Extent vi, 239 p.
Dimensions 23 cm.
504 ## - BIBLIOGRAPHY, ETC. NOTE
Bibliography, etc. note Bibliographical footnotes.
651 #0 - SUBJECT ADDED ENTRY--GEOGRAPHIC NAME
Geographic name India
General subdivision Politics and government
Chronological subdivision 1947-
651 #0 - SUBJECT ADDED ENTRY--GEOGRAPHIC NAME
Geographic name India
General subdivision Economic conditions
Chronological subdivision 1947-

No items available.

Powered by Koha